Central Library OPAC University of Rajshahi

Collagraphs and Mixed-Media Printmaking / (Record no. 80159)

MARC details
000 -LEADER
fixed length control field 00741nam a2200253 a 4500
001 - CONTROL NUMBER
control field 80159
003 - CONTROL NUMBER IDENTIFIER
rucl marc code BD-RjUL
005 - DATE AND TIME OF LATEST TRANSACTION
control field 20220803112415.0
008 - FIXED-LENGTH DATA ELEMENTS--GENERAL INFORMATION
fixed length control field 220803r20052004enk||||| |||| 00| 0 eng d
020 ## - INTERNATIONAL STANDARD BOOK NUMBER
International Standard Book Number 9781912217243
035 ## - SYSTEM CONTROL NUMBER
System control number (BD-RjUL)80159
040 ## - CATALOGING SOURCE
Original cataloging agency BD-RjUL
Language of cataloging eng
Transcribing agency BD-RjUL
041 ## - LANGUAGE CODE
Language code of text/sound track or separate title eng
082 ## - DEWEY DECIMAL CLASSIFICATION NUMBER
Edition number 23
Classification number 760
Author mark and year HAC 2005
100 ## - MAIN ENTRY--PERSONAL NAME
Personal name Hartill, Brenda
9 (RLIN) 4245
245 ## - TITLE STATEMENT
Title Collagraphs and Mixed-Media Printmaking /
Statement of responsibility, etc. Brenda Hartill, Richard Clarke.
260 ## - PUBLICATION, DISTRIBUTION, ETC. (IMPRINT)
Place of publication, distribution, etc. London :
Name of publisher, distributor, etc. Herbert Press,
Date of publication, distribution, etc. 2005
300 ## - PHYSICAL DESCRIPTION
Pagination 128 p.:
Illustrations ill.;
Size 25 cm.
650 ## - SUBJECT ADDED ENTRY--TOPICAL TERM
Topical term or geographic name as entry element Prints
General subdivision Technique
9 (RLIN) 4242
Topical term or geographic name as entry element Collage
General subdivision Technique
9 (RLIN) 4243
Topical term or geographic name as entry element Collagraph printing
General subdivision Technique
9 (RLIN) 4244
700 ## - ADDED ENTRY--PERSONAL NAME
Personal name Clarke, Richard
942 ## - ADDED ENTRY ELEMENTS (KOHA)
Source of classification or shelving scheme Dewey Decimal Classification
Koha item type Books
Holdings
Lost status Source of classification or shelving scheme Damaged status Not for loan Collection code Permanent Location Current Location Shelving location Date acquired Source of acquisition Cost, normal purchase price Total Checkouts Full call number Date last seen Copy number Koha item type
  Dewey Decimal Classification   Not For Loan Non-fiction Central Library, University of Rajshahi Central Library, University of Rajshahi Reading Room 12/05/2022 Dhaka: Book Finder 2413.50   760 HAC 2005 03/08/2022 C-1 Books